000
00324nam a2200145Ia 4500
008
200103s9999||||xx |||||||||||||| ||und||
020
_a
115100989,
040
_a
IMU-MPC
082
_a
Column-9
100
_a
HMSO
245
0
_a
International code of Signals 1969
260
_b
HMSO
_c
1969
300
_a
xv, 149
942
_c
BK
999
_c
4213
_d
4213